| 000 | 00837nam a2200277 i 4500 | ||
|---|---|---|---|
| 003 | DO-SdBNP | ||
| 005 | 20230705142252.0 | ||
| 007 | ta | ||
| 008 | 230705b1976 dr abc|| |||| 00| 0 spa d | ||
| 020 | _a8439978804 | ||
| 040 |
_aDO-SdBNP _bspa _cBNPHU _erda |
||
| 082 | 4 |
_a372.61 _bT790a _222 |
|
| 245 | 0 | 0 |
_aTu amigo 3 : _blibro dominicano de lectura. |
| 264 |
_aSanto Domingo : _bSusaeta, _c1976. |
||
| 300 |
_a111 páginas : _bilustraciones, retratos, mapas ; _c26 cm. |
||
| 336 |
_2rdacontent _atexto _btxt |
||
| 337 |
_2rdamedia _asin mediación _bn |
||
| 338 |
_2rdacarrier _avolumen _bnc |
||
| 490 | 1 | _aEscuela dominicana ; | |
| 500 | _aTercer grado de primaria | ||
| 590 | _aInventariado, 2023/BT | ||
| 650 | 4 |
_aLengua y literatura _943315 |
|
| 650 | 4 |
_aLiteratura _xEnseñanza _95023 |
|
| 910 | _aBtavárez | ||
| 942 |
_2ddc _cLBS1 |
||
| 999 |
_c54113 _d54113 |
||